[Event "10th Vellmar Chess Days"]
[Site "chess24.com"]
[Date "2018.07.12"]
[Round "1.1"]
[White "Boder, Jan"]
[Black "Pap, Misa"]
[Result "0-1"]
[WhiteElo "1848"]
[BlackElo "2473"]
[PlyCount "56"]
[EventDate "2018.??.??"]
[WhiteTeam "Deutschland"]
[BlackTeam "Serbien"]
[WhiteTeamCountry "GER"]
[BlackTeamCountry "SRB"]
[WhiteClock "0:24:48"]
[BlackClock "1:02:01"]

1. b3 e5 2. Bb2 Nc6 3. e3 d5 4. Bb5 Bd6 5. f4 Qe7 6. Nf3 f6 7. Bxc6+ bxc6 8.
fxe5 fxe5 9. Nxe5 Qh4+ 10. g3 Qh3 11. Qf3 Nf6 12. Qf1 Qh6 13. Qf4 Qh5 14. Qf3
Qh3 15. Qf1 Qe6 16. Nd3 O-O 17. Nf4 Qe4 18. Na3 Ng4 19. Qg2 Rxf4 20. Qxe4 Rxe4
21. O-O Ba6 22. Rfe1 Rf8 23. h3 Bxg3 24. hxg4 Rxg4 25. Kh1 Bxe1 26. Rxe1 Rf5
27. Be5 Rxe5 28. Re2 Bxe2 0-1

[Event "10th Vellmar Chess Days"]
[Site "chess24.com"]
[Date "2018.07.12"]
[Round "1.2"]
[White "Spiess, Gunter"]
[Black "Gerhardt, Dirk"]
[Result "1-0"]
[WhiteElo "2422"]
[BlackElo "1904"]
[PlyCount "95"]
[EventDate "2018.??.??"]
[WhiteTeam "Deutschland"]
[BlackTeam "Deutschland"]
[WhiteTeamCountry "GER"]
[BlackTeamCountry "GER"]
[WhiteClock "0:07:49"]
[BlackClock "0:37:37"]

1. Nf3 g6 2. d4 Bg7 3. c4 c5 4. e4 cxd4 5. Nxd4 Nf6 6. Nc3 d6 7. Be2 a6 8. Be3
Nbd7 9. O-O O-O 10. Qd2 Qc7 11. Rac1 Nc5 12. f3 Re8 13. Rfd1 b6 14. b4 Ncd7 15.
Nd5 Qb7 16. Nc3 Qc7 17. Nd5 Qb7 18. Rc2 Nxd5 19. cxd5 b5 20. Nc6 Nf6 21. Na5
Qd7 22. Bb6 Rf8 23. Rc7 Qe8 24. Bd4 Bd7 25. Qb2 Rc8 26. Rdc1 Rxc7 27. Rxc7 Qd8
28. Ra7 Qc8 29. a4 Bh6 30. axb5 axb5 31. Kf2 Ne8 32. Qc3 e5 33. Qxc8 Bxc8 34.
Be3 Bxe3+ 35. Kxe3 f5 36. Bxb5 fxe4 37. fxe4 Nf6 38. Be2 Bg4 39. Bf3 Rb8 40.
Rb7 Rc8 41. Nc6 Kf8 42. b5 h5 43. Ra7 Bd7 44. Be2 Be8 45. b6 Bxc6 46. dxc6 Rxc6
47. Ra8+ Ke7 48. b7 1-0

[Event "10th Vellmar Chess Days"]
[Site "chess24.com"]
[Date "2018.07.12"]
[Round "1.3"]
[White "Koenig, Friedrich Theodor"]
[Black "Wenninger, Philipp"]
[Result "0-1"]
[WhiteElo "1833"]
[BlackElo "2371"]
[PlyCount "72"]
[EventDate "2018.??.??"]
[WhiteTeam "Deutschland"]
[BlackTeam "Deutschland"]
[WhiteTeamCountry "GER"]
[BlackTeamCountry "GER"]
[WhiteClock "0:00:44"]
[BlackClock "0:52:36"]

1. Nf3 d5 2. g3 Nf6 3. Bg2 c6 4. d3 Bg4 5. Nbd2 Nbd7 6. O-O e5 7. e4 dxe4 8.
dxe4 Bc5 9. h3 Bh5 10. Qe1 O-O 11. Nh4 Re8 12. a4 a5 13. Nc4 Nf8 14. Bd2 b6 15.
Nf5 Qc7 16. Be3 Ne6 17. c3 Rad8 18. g4 Bg6 19. Qe2 Rd7 20. Rfd1 Red8 21. Rxd7
Rxd7 22. Rd1 Bxe3 23. Ncxe3 Nf4 24. Qc2 h6 25. Nc4 b5 26. Rxd7 Qxd7 27. Nxe5
Qe8 28. Nxg6 fxg6 29. Ng3 Qe5 30. axb5 cxb5 31. Qd2 h5 32. gxh5 gxh5 33. h4 a4
34. Qd8+ Kh7 35. Qd2 g5 36. hxg5 Qxg5 0-1

[Event "10th Vellmar Chess Days"]
[Site "chess24.com"]
[Date "2018.07.12"]
[Round "1.4"]
[White "Euler, Gerd"]
[Black "Simukov, Erik"]
[Result "1-0"]
[WhiteElo "2307"]
[BlackElo "1813"]
[PlyCount "71"]
[EventDate "2018.??.??"]
[WhiteTeam "Deutschland"]
[BlackTeam "Deutschland"]
[WhiteTeamCountry "GER"]
[BlackTeamCountry "GER"]
[WhiteClock "0:27:48"]
[BlackClock "0:12:37"]

1. e4 e5 2. Nf3 Nc6 3. d4 exd4 4. Nxd4 Bc5 5. Nb3 Bb6 6. a4 a6 7. Nc3 Nge7 8.
a5 Ba7 9. Bf4 d6 10. Bg3 O-O 11. Bc4 Kh8 12. Qh5 Ng6 13. O-O-O Nce5 14. Qe2
Nxc4 15. Qxc4 f5 16. exf5 Rxf5 17. f3 Ne5 18. Qe4 Qf8 19. Kb1 c6 20. Qb4 Bc5
21. Nxc5 dxc5 22. Qe4 Nf7 23. Rhe1 Rf6 24. Qe7 Bf5 25. Qxb7 Ng5 26. Bh4 h6 27.
Ne4 Rf7 28. Qxc6 Nxe4 29. fxe4 Bg4 30. Rd3 Rf1 31. Rde3 Rf7 32. h3 Bd7 33. Qd5
Rb8 34. e5 Ba4 35. e6 Rfb7 36. b3 1-0

[Event "10th Vellmar Chess Days"]
[Site "chess24.com"]
[Date "2018.07.12"]
[Round "1.5"]
[White "Reitz, Theresa"]
[Black "Hahn, Markus"]
[Result "0-1"]
[WhiteElo "1879"]
[BlackElo "2263"]
[PlyCount "44"]
[EventDate "2018.??.??"]
[WhiteTeam "Deutschland"]
[BlackTeam "Deutschland"]
[WhiteTeamCountry "GER"]
[BlackTeamCountry "GER"]
[WhiteClock "0:04:05"]
[BlackClock "0:01:59"]

1. e4 c5 2. Nc3 g6 3. d4 cxd4 4. Qxd4 Nf6 5. Nf3 Nc6 6. Qa4 d6 7. e5 dxe5 8.
Nxe5 Bg7 9. Bb5 O-O 10. Nxc6 bxc6 11. Bxc6 Bd7 12. O-O Rc8 13. Bxd7 Qxd7 14.
Qh4 Qf5 15. Re1 Qxc2 16. Bg5 Qxb2 17. Na4 Qc2 18. Rec1 Qf5 19. Rab1 Rfd8 20.
Be3 Ng4 21. Bc5 Bf6 22. Qh3 Qf4 0-1

[Event "10th Vellmar Chess Days"]
[Site "chess24.com"]
[Date "2018.07.12"]
[Round "1.6"]
[White "Kersten, Uwe"]
[Black "Retzlaff, Thomas"]
[Result "1-0"]
[WhiteElo "2237"]
[BlackElo "1879"]
[PlyCount "59"]
[EventDate "2018.??.??"]
[WhiteTeam "Deutschland"]
[BlackTeam "Deutschland"]
[WhiteTeamCountry "GER"]
[BlackTeamCountry "GER"]
[WhiteClock "0:21:54"]
[BlackClock "0:25:47"]

1. d4 d5 2. Bf4 c6 3. e3 Qb6 4. Bd3 Nf6 5. Nd2 Bg4 6. Ngf3 e6 7. O-O Be7 8. Qb1
Nbd7 9. c3 Nh5 10. Ne5 Nxe5 11. Bxe5 Nf6 12. c4 Bh5 13. c5 Qd8 14. b4 Bg6 15.
b5 Nd7 16. Bg3 O-O 17. Bxg6 hxg6 18. bxc6 bxc6 19. Qb7 Qc8 20. Rab1 Bf6 21. Bd6
Re8 22. f4 Nf8 23. Nf3 Rd8 24. Rb3 Rd7 25. Qxc8 Rxc8 26. Rfb1 Ra8 27. g4 a5 28.
g5 Bd8 29. Ne5 a4 30. Rb8 1-0

[Event "10th Vellmar Chess Days"]
[Site "chess24.com"]
[Date "2018.07.12"]
[Round "1.7"]
[White "Haack, Kevin"]
[Black "Nilsson, Anders 1976"]
[Result "0-1"]
[WhiteElo "1869"]
[BlackElo "2228"]
[PlyCount "118"]
[EventDate "2018.??.??"]
[WhiteTeam "Deutschland"]
[BlackTeam "Schweden"]
[WhiteTeamCountry "GER"]
[BlackTeamCountry "SWE"]
[WhiteClock "0:01:50"]
[BlackClock "0:03:12"]

1. c4 b6 2. Nc3 Bb7 3. e4 e5 4. g3 Nc6 5. Bg2 Bc5 6. Nge2 Nge7 7. O-O O-O 8. d3
f5 9. a3 a5 10. Rb1 d6 11. exf5 Nxf5 12. b4 axb4 13. axb4 Bd4 14. Nxd4 Nfxd4
15. Be3 Qc8 16. Nd5 Kh8 17. b5 Nd8 18. Bxd4 exd4 19. Qh5 Qd7 20. Be4 g6 21.
Bxg6 Qg7 22. Be4 Ne6 23. Qh4 Nc5 24. Rbe1 Bxd5 25. Bxd5 Rae8 26. Bc6 Rxe1 27.
Rxe1 Qf6 28. Qxf6+ Rxf6 29. Re8+ Kg7 30. Be4 Kf7 31. Ra8 Nxe4 32. dxe4 Rf3 33.
Kf1 Rc3 34. Ra4 Ke6 35. f4 Rc2 36. h4 d3 37. Ke1 Rg2 38. Ra3 Rxg3 39. Kd2 Rf3
40. f5+ Ke5 41. Rxd3 Rf4 42. Re3 Rxh4 43. Ke2 Rh2+ 44. Kd3 h5 45. Rf3 Ra2 46.
Re3 h4 47. Re2 Ra3+ 48. Kd2 h3 49. Kc1 Ra1+ 50. Kb2 Rg1 51. Kc3 Rg3+ 52. Kb4
Rf3 53. Re1 h2 54. Rh1 Rh3 55. Ka4 Rh8 56. Kb3 Kxe4 57. f6 Kf3 58. f7 Kg2 59.
Rxh2+ Kxh2 0-1

[Event "10th Vellmar Chess Days"]
[Site "chess24.com"]
[Date "2018.07.12"]
[Round "1.8"]
[White "Dorst, Johannes"]
[Black "Thomasson, Staffan"]
[Result "1-0"]
[WhiteElo "2217"]
[BlackElo "1868"]
[PlyCount "41"]
[EventDate "2018.??.??"]
[WhiteTeam "Deutschland"]
[BlackTeam "Schweden"]
[WhiteTeamCountry "GER"]
[BlackTeamCountry "SWE"]
[WhiteClock "1:00:26"]
[BlackClock "0:26:26"]

1. e4 c5 2. Nc3 g6 3. d4 Bg7 4. Be3 Qa5 5. Nf3 Nf6 6. Qd2 cxd4 7. Nxd4 Nc6 8.
Nb3 Qd8 9. f3 d6 10. O-O-O a5 11. Na4 Nd7 12. Bb5 O-O 13. h4 Nce5 14. h5 Qc7
15. hxg6 Nc4 16. Bxc4 Qxc4 17. Bh6 Bf6 18. Bxf8 Qxa4 19. gxh7+ Kh8 20. Qh6 Qxa2
21. Qg7+ 1-0

[Event "10th Vellmar Chess Days"]
[Site "chess24.com"]
[Date "2018.07.12"]
[Round "1.9"]
[White "Henkemeier, Michael"]
[Black "Weber, Samuel"]
[Result "1/2-1/2"]
[WhiteElo "1856"]
[BlackElo "2197"]
[PlyCount "66"]
[EventDate "2018.??.??"]
[WhiteTeam "Deutschland"]
[BlackTeam "Deutschland"]
[WhiteTeamCountry "GER"]
[BlackTeamCountry "GER"]
[WhiteClock "1:30:30"]
[BlackClock "1:30:30"]

1. d4 Nf6 2. Nf3 e6 3. Bg5 Be7 4. e3 c5 5. c4 cxd4 6. exd4 d5 7. Nc3 dxc4 8.
Bxc4 O-O 9. O-O a6 10. a4 Nc6 11. Qd2 Qa5 12. Rfd1 Rd8 13. Ne4 Nxe4 14. Qxa5
Nxa5 15. Bxe7 Re8 16. Bd3 Nxf2 17. Kxf2 Rxe7 18. b4 Nc6 19. b5 Nb4 20. b6 Nd5
21. a5 Bd7 22. Rdc1 f6 23. Rc5 Bc6 24. Bc4 Kf8 25. Ne1 Rd7 26. Nc2 Nc3 27. Rxc6
bxc6 28. Bxe6 Re7 29. Bf5 g6 30. Bd3 Nd5 31. Rb1 Rb7 32. Nb4 Nxb4 33. Rxb4 Ke7
1/2-1/2

[Event "10th Vellmar Chess Days"]
[Site "chess24.com"]
[Date "2018.07.12"]
[Round "1.10"]
[White "Hahn, Florian"]
[Black "Krause, Maximilian"]
[Result "1/2-1/2"]
[WhiteElo "2189"]
[BlackElo "1827"]
[PlyCount "122"]
[EventDate "2018.??.??"]
[WhiteTeam "Deutschland"]
[BlackTeam "Deutschland"]
[WhiteTeamCountry "GER"]
[BlackTeamCountry "GER"]
[WhiteClock "1:30:30"]
[BlackClock "1:30:30"]

1. Nf3 Nf6 2. c4 e6 3. g3 d5 4. b3 Be7 5. Bg2 O-O 6. O-O b6 7. Bb2 Bb7 8. e3
Nbd7 9. Nc3 Ne4 10. Qe2 Bf6 11. d4 Nxc3 12. Bxc3 dxc4 13. bxc4 c5 14. Rfd1 cxd4
15. exd4 Qc7 16. Rac1 Rac8 17. Bb4 Rfe8 18. c5 Bd5 19. Qd2 Qb7 20. Ne1 Nb8 21.
Ba3 Red8 22. Qb2 b5 23. Rb1 a6 24. Bb4 Nc6 25. Bc3 Rb8 26. Bf1 Be4 27. Nc2 Qc7
28. a3 Bxc2 29. Qxc2 Bxd4 30. Bg2 e5 31. Qe4 Rbc8 32. Qxc6 Qxc6 33. Bxc6 Rxc6
34. Bxd4 exd4 35. Rb4 Rxc5 36. Rbxd4 Rxd4 37. Rxd4 Kf8 38. Rd6 a5 39. Rd7 g6
40. h4 Kg7 41. Rb7 Kf6 42. Kf1 Re5 43. Kg2 h5 44. Kf3 Ke6 45. Kf4 Rf5+ 46. Ke4
Kd6 47. f3 Kc5 48. Rc7+ Kb6 49. Re7 Rf6 50. Rd7 Kc5 51. Rc7+ Rc6 52. Rxf7 Kc4
53. g4 b4 54. axb4 axb4 55. gxh5 gxh5 56. Rb7 b3 57. f4 Kc3 58. Kf5 Kc2 59. Kg5
Rc5+ 60. Kg6 Rc4 61. Kxh5 Rxf4 1/2-1/2

[Event "10th Vellmar Chess Days"]
[Site "chess24.com"]
[Date "2018.07.12"]
[Round "1.11"]
[White "Lange, Lars"]
[Black "Henrich, Thomas"]
[Result "0-1"]
[WhiteElo "1846"]
[BlackElo "2179"]
[PlyCount "86"]
[EventDate "2018.??.??"]
[WhiteTeam "Deutschland"]
[BlackTeam "Deutschland"]
[WhiteTeamCountry "GER"]
[BlackTeamCountry "GER"]
[WhiteClock "1:30:30"]
[BlackClock "1:30:30"]

1. d4 Nf6 2. c4 c5 3. d5 b5 4. Qc2 e6 5. e4 exd5 6. exd5 Qe7+ 7. Qe2 Na6 8. Na3
bxc4 9. Nxc4 Qxe2+ 10. Bxe2 Nb4 11. Ne3 Bb7 12. a3 Nbxd5 13. Nf3 Nf4 14. Bb5
Nxg2+ 15. Nxg2 Bxf3 16. O-O O-O-O 17. b4 Bb7 18. Be3 Nd5 19. bxc5 Kb8 20. Rac1
Be7 21. Bd4 h5 22. Bxg7 Rhg8 23. Be5+ Ka8 24. c6 dxc6 25. Bxc6 Bxa3 26. Bxb7+
Kxb7 27. Rc4 f6 28. Rb1+ Ka8 29. Bg3 Rc8 30. Rxc8+ Rxc8 31. Nf4 Nc3 32. Rb3 Bc1
33. Nxh5 a5 34. Rb6 Ka7 35. Rxf6 a4 36. Be5 Rc4 37. Bxc3 Rxc3 38. Rf7+ Ka6 39.
Rf8 a3 40. Ra8+ Kb7 41. Ra4 Rc6 42. f4 Ra6 43. Rc4 Be3+ 0-1

[Event "10th Vellmar Chess Days"]
[Site "chess24.com"]
[Date "2018.07.12"]
[Round "1.12"]
[White "Hoffmann, Sebastian"]
[Black "Hansult, Manfred"]
[Result "1-0"]
[WhiteElo "2174"]
[BlackElo "1842"]
[PlyCount "51"]
[EventDate "2018.??.??"]
[WhiteTeam "Deutschland"]
[BlackTeam "Deutschland"]
[WhiteTeamCountry "GER"]
[BlackTeamCountry "GER"]
[WhiteClock "1:30:30"]
[BlackClock "1:30:30"]

1. e4 c6 2. Nf3 d5 3. exd5 cxd5 4. Ne5 Nf6 5. d4 Nc6 6. Bb5 Qb6 7. c4 e6 8. Nc3
Bb4 9. Qa4 Bxc3+ 10. bxc3 O-O 11. Bxc6 bxc6 12. Ba3 Re8 13. O-O Qa6 14. Qb4 Nd7
15. Nxd7 Bxd7 16. Rab1 dxc4 17. Bc1 Qb5 18. Bf4 Qd5 19. Rfe1 f6 20. Bd6 a5 21.
Qa3 Bc8 22. Rb6 Ba6 23. Bg3 Ra7 24. Rb2 Bb7 25. f3 h6 26. Bd6 1-0

[Event "10th Vellmar Chess Days"]
[Site "chess24.com"]
[Date "2018.07.12"]
[Round "1.13"]
[White "Krien, Hartmut"]
[Black "Weiss, Jochen"]
[Result "1/2-1/2"]
[WhiteElo "1834"]
[BlackElo "2145"]
[PlyCount "121"]
[EventDate "2018.??.??"]
[WhiteTeam "Deutschland"]
[BlackTeam "Deutschland"]
[WhiteTeamCountry "GER"]
[BlackTeamCountry "GER"]
[WhiteClock "1:30:30"]
[BlackClock "1:30:30"]

1. e4 c5 2. Nc3 Nc6 3. Nge2 g6 4. g3 Bg7 5. Bg2 d6 6. O-O e6 7. d3 Nge7 8. h3
a6 9. g4 Qc7 10. Ng3 Bd7 11. Nce2 Nd4 12. c3 Nxe2+ 13. Qxe2 Nc6 14. Be3 e5 15.
Bg5 h6 16. Be3 Nd8 17. f4 exf4 18. Bxf4 Ne6 19. Bd2 Bc6 20. Qf2 Qe7 21. Rae1
Be5 22. Ne2 Bb5 23. c4 Bc6 24. Bc3 O-O 25. d4 cxd4 26. Nxd4 Nf4 27. Qe3 Nxg2
28. Kxg2 Kg7 29. Nxc6 bxc6 30. Bxe5+ Qxe5 31. Rf2 Rab8 32. b3 Rb7 33. Qf4 Re8
34. Qxe5+ Rxe5 35. Rd2 Rd7 36. Kf3 Kf6 37. Red1 Ke7 38. Kf4 Re6 39. c5 Rf6+ 40.
Ke3 Re6 41. Rxd6 Rexd6 42. Rxd6 Rxd6 43. cxd6+ Kxd6 44. Kd4 c5+ 45. Kc4 Ke5 46.
Kxc5 Kxe4 47. b4 f5 48. gxf5 gxf5 49. a4 f4 50. b5 axb5 51. a5 f3 52. a6 f2 53.
a7 f1=Q 54. a8=Q+ Ke3 55. Qe8+ Kd2 56. Qd7+ Qd3 57. Qxd3+ Kxd3 58. Kxb5 Ke3 59.
Kc4 h5 60. h4 Kf3 61. Kd3 1/2-1/2

[Event "10th Vellmar Chess Days"]
[Site "chess24.com"]
[Date "2018.07.12"]
[Round "1.14"]
[White "Heinelt, Manfred"]
[Black "Kanbach, Mike"]
[Result "1-0"]
[WhiteElo "2126"]
[BlackElo "1817"]
[PlyCount "63"]
[EventDate "2018.??.??"]
[WhiteTeam "Deutschland"]
[BlackTeam "Deutschland"]
[WhiteTeamCountry "GER"]
[BlackTeamCountry "GER"]
[WhiteClock "1:30:30"]
[BlackClock "1:30:30"]

1. d4 e6 2. c4 Nf6 3. Nf3 Bb4+ 4. Bd2 Qe7 5. Qc2 a5 6. g3 b6 7. Bg2 Bb7 8. Nc3
Bxc3 9. Bxc3 Be4 10. Qd2 d6 11. O-O Nbd7 12. b3 O-O 13. Rfd1 Rad8 14. Qe3 Ba8
15. Nh4 Rfe8 16. Rd2 Ng4 17. Qf4 f5 18. Bxa8 g5 19. Nxf5 gxf4 20. Nxe7+ Rxe7
21. Bf3 Rg7 22. h3 Ngf6 23. Kh2 fxg3+ 24. fxg3 Kf7 25. e4 Rdg8 26. Rg1 e5 27.
Rf2 Ke7 28. Bh1 Rg6 29. Rf5 Rh6 30. Bf3 Ng4+ 31. Bxg4 Rxg4 32. Bd2 1-0

[Event "10th Vellmar Chess Days"]
[Site "chess24.com"]
[Date "2018.07.12"]
[Round "1.15"]
[White "Koerbel, Ekkehard"]
[Black "Wiegel, Joerg"]
[Result "0-1"]
[WhiteElo "1813"]
[BlackElo "2094"]
[PlyCount "78"]
[EventDate "2018.??.??"]
[WhiteTeam "Deutschland"]
[BlackTeam "Deutschland"]
[WhiteTeamCountry "GER"]
[BlackTeamCountry "GER"]
[WhiteClock "1:30:30"]
[BlackClock "1:30:30"]

1. e4 d5 2. exd5 Qxd5 3. d4 c6 4. c4 Qe4+ 5. Be3 Bf5 6. Nc3 Qc2 7. Qxc2 Bxc2 8.
Nf3 Nf6 9. Be2 e6 10. Rc1 Bg6 11. Ne5 Bd6 12. Nxg6 hxg6 13. d5 Ke7 14. c5 Be5
15. d6+ Kd7 16. g3 Na6 17. a3 Rhb8 18. Na4 Nd5 19. Bd2 b5 20. cxb6 axb6 21. Bf3
Kxd6 22. O-O Nc5 23. Nc3 Nb3 24. Rcd1 Nxd2 25. Rxd2 Bxc3 26. bxc3 Rxa3 27. Bxd5
exd5 28. c4 Ra5 29. Rb1 Rc5 30. cxd5 Rxd5 31. Ra2 Rb7 32. Ra8 b5 33. Kf1 b4 34.
Ke2 b3 35. Ra3 b2 36. Ra2 Rdb5 37. Kd2 Rb3 38. Kc2 Rf3 39. Rd1+ Kc7 0-1

[Event "10th Vellmar Chess Days"]
[Site "chess24.com"]
[Date "2018.07.12"]
[Round "1.17"]
[White "Woellenstein, Sebastian"]
[Black "Lesny, Florian"]
[Result "0-1"]
[WhiteElo "1786"]
[BlackElo "2066"]
[PlyCount "75"]
[EventDate "2018.??.??"]
[WhiteTeam "Deutschland"]
[BlackTeam "Deutschland"]
[WhiteTeamCountry "GER"]
[BlackTeamCountry "GER"]
[WhiteClock "1:30:30"]
[BlackClock "1:30:30"]

1. g3 c5 2. Bg2 g6 3. c4 Bg7 4. Nc3 Nc6 5. e3 e6 6. Nge2 Nge7 7. O-O O-O 8. Rb1
d6 9. a3 b6 10. b4 Bb7 11. d4 cxd4 12. exd4 d5 13. c5 Nf5 14. Be3 bxc5 15. dxc5
d4 16. b5 dxc3 17. Qa4 Qa5 18. Qc2 Nxe3 19. fxe3 Nd8 20. c6 Bc8 21. Rf4 Rb8 22.
Ra4 Qb6 23. Kf2 Qc5 24. Nd4 e5 25. Nb3 Qe7 26. Qxc3 Rxb5 27. c7 Ne6 28. Rxa7
Nc5 29. a4 Rxb3 30. Rxb3 Nxb3 31. Qxb3 Qc5 32. Qb8 Bg4 33. Rb7 Qc2+ 34. Kf1
Qe2+ 35. Kg1 Qe1+ 36. Bf1 Qxe3+ 37. Kg2 Bf3+ 38. Kh3 0-1

[Event "10th Vellmar Chess Days"]
[Site "chess24.com"]
[Date "2018.07.12"]
[Round "1.18"]
[White "Braun, Ingram"]
[Black "Ruhl, Moritz"]
[Result "0-1"]
[WhiteElo "2065"]
[BlackElo "1783"]
[PlyCount "98"]
[EventDate "2018.??.??"]
[WhiteTeam "Deutschland"]
[BlackTeam "Deutschland"]
[WhiteTeamCountry "GER"]
[BlackTeamCountry "GER"]
[WhiteClock "1:30:30"]
[BlackClock "1:30:30"]

1. e4 e5 2. Nc3 Nf6 3. g3 Bc5 4. Bg2 O-O 5. d3 b6 6. Nge2 Bb7 7. O-O Nc6 8. h3
Nd4 9. Kh1 d5 10. f4 exf4 11. Bxf4 dxe4 12. dxe4 Ne6 13. Bd2 Re8 14. Qe1 Nd4
15. Nxd4 Bxd4 16. Bg5 h6 17. Bxf6 Bxf6 18. Rd1 Qe7 19. Kh2 Rad8 20. Rd3 Be5 21.
Qe2 Ba6 22. Rxd8 Bxe2 23. Rxe8+ Qxe8 24. Nxe2 Bxb2 25. Nf4 Be5 26. Nd3 f6 27.
Bf3 Qe6 28. Rf2 Bd4 29. Re2 Be5 30. Nxe5 Qxe5 31. Kg2 h5 32. Rd2 g6 33. h4 Qc3
34. Re2 Kg7 35. Kf2 Qa3 36. e5 Qc5+ 37. Kg2 fxe5 38. Be4 Qc4 39. Kf3 Qxa2 40.
Rd2 Qe6 41. Kf2 a5 42. Bd5 Qf6+ 43. Kg2 Qd6 44. Rd3 Qc5 45. Rd2 c6 46. Bf3 b5
47. g4 hxg4 48. Bxg4 Qc4 49. Kg3 Qf4+ 0-1

[Event "10th Vellmar Chess Days"]
[Site "chess24.com"]
[Date "2018.07.12"]
[Round "1.19"]
[White "Meyer, Marcel"]
[Black "Scharrer, Udo"]
[Result "1/2-1/2"]
[WhiteElo "1776"]
[BlackElo "2054"]
[PlyCount "48"]
[EventDate "2018.??.??"]
[WhiteTeam "Deutschland"]
[BlackTeam "Deutschland"]
[WhiteTeamCountry "GER"]
[BlackTeamCountry "GER"]
[WhiteClock "1:30:30"]
[BlackClock "1:30:30"]

1. d4 Nf6 2. c4 g6 3. Nc3 Bg7 4. e4 d6 5. Nf3 O-O 6. Be2 e5 7. O-O Nc6 8. d5
Ne7 9. b4 Nh5 10. Re1 f5 11. c5 h6 12. Bc4 Nf6 13. exf5 gxf5 14. Nxe5 dxe5 15.
d6+ Kh8 16. dxe7 Qxe7 17. Bb2 Rd8 18. Qb3 c6 19. Rad1 Rxd1 20. Rxd1 b5 21. Bf7
Bd7 22. a4 Rf8 23. Bg6 bxa4 24. Qxa4 Ra8 1/2-1/2

[Event "10th Vellmar Chess Days"]
[Site "chess24.com"]
[Date "2018.07.12"]
[Round "1.20"]
[White "Hehn, Hartmut"]
[Black "Koronowski, Heinz-Juergen"]
[Result "1-0"]
[WhiteElo "2046"]
[BlackElo "1759"]
[PlyCount "65"]
[EventDate "2018.??.??"]
[WhiteTeam "Deutschland"]
[BlackTeam "Deutschland"]
[WhiteTeamCountry "GER"]
[BlackTeamCountry "GER"]
[WhiteClock "1:30:30"]
[BlackClock "1:30:30"]

1. e4 e5 2. Nf3 Nf6 3. Nc3 Nc6 4. Bb5 d6 5. d4 exd4 6. Nxd4 Bd7 7. Bxc6 Bxc6 8.
Nxc6 bxc6 9. O-O Be7 10. Qf3 Nd7 11. b3 Bf6 12. Bb2 Ne5 13. Qe2 O-O 14. f4 Nd7
15. Qf3 Bd4+ 16. Kh1 Qf6 17. Rad1 Bxc3 18. Bxc3 Qe7 19. e5 d5 20. Bb2 f6 21.
exf6 Nxf6 22. c4 Rad8 23. Bxf6 Qxf6 24. cxd5 cxd5 25. Rxd5 c6 26. Rxd8 Rxd8 27.
Qe3 Qf7 28. Re1 Rd6 29. h3 Qd7 30. Qe8+ Qxe8 31. Rxe8+ Kf7 32. Ra8 Rd7 33. Rc8
1-0

[Event "10th Vellmar Chess Days"]
[Site "chess24.com"]
[Date "2018.07.12"]
[Round "1.21"]
[White "Rehbein, Ullrich"]
[Black "Werner, Martin"]
[Result "1/2-1/2"]
[WhiteElo "1756"]
[BlackElo "2018"]
[PlyCount "69"]
[EventDate "2018.??.??"]
[WhiteTeam "Deutschland"]
[BlackTeam "Deutschland"]
[WhiteTeamCountry "GER"]
[BlackTeamCountry "GER"]
[WhiteClock "1:30:30"]
[BlackClock "1:30:30"]

1. d4 d5 2. Nf3 c5 3. c4 e6 4. Bg5 Be7 5. h4 Nc6 6. e3 Nf6 7. Nc3 cxd4 8. exd4
O-O 9. Bd3 dxc4 10. Bxc4 Qb6 11. a3 Rd8 12. Be3 Ng4 13. Qc2 Bf6 14. Bd3 Bxd4
15. Bxd4 Nxd4 16. Nxd4 Qxd4 17. Rd1 Qe5+ 18. Kf1 Bd7 19. Bxh7+ Kh8 20. Rh3 Rac8
21. Bd3 Qf4 22. Qe2 Bc6 23. Kg1 Rd4 24. Qf1 Rcd8 25. Ne2 Qf6 26. Nxd4 Rxd4 27.
Be2 Rf4 28. Bxg4 Rxg4 29. Rg3 Rxh4 30. Qd3 Qh6 31. Rh3 Rxh3 32. Qxh3 Qxh3 33.
gxh3 Kh7 34. Kh2 Kg6 35. Kg3 1/2-1/2

[Event "10th Vellmar Chess Days"]
[Site "chess24.com"]
[Date "2018.07.12"]
[Round "1.22"]
[White "Stoy, Ulf"]
[Black "Kuschel, Heidi"]
[Result "1/2-1/2"]
[WhiteElo "2006"]
[BlackElo "1734"]
[PlyCount "79"]
[EventDate "2018.??.??"]
[WhiteTeam "Deutschland"]
[BlackTeam "Deutschland"]
[WhiteTeamCountry "GER"]
[BlackTeamCountry "GER"]
[WhiteClock "1:30:30"]
[BlackClock "1:30:30"]

1. c4 Nf6 2. Nc3 g6 3. g3 Bg7 4. Bg2 O-O 5. e4 d6 6. Nge2 c5 7. d3 Nc6 8. O-O
Bg4 9. h3 Bd7 10. Kh2 Ne8 11. Be3 Nd4 12. f4 e5 13. Qd2 Qc8 14. Nd5 Kh8 15.
Nec3 Rb8 16. fxe5 dxe5 17. Bh6 Qd8 18. Rf2 Be6 19. Raf1 b6 20. b3 Rb7 21. g4 f6
22. Bxg7+ Kxg7 23. Ne3 Rbf7 24. Ncd5 Bc8 25. Bf3 Qd7 26. Bd1 Rh8 27. Rg2 h6 28.
Qf2 Qe6 29. Qg3 Qd6 30. Rfg1 Kf8 31. Qh4 Ne6 32. Nf5 gxf5 33. gxf5 Ng5 34. Qh5
Rfh7 35. Rg3 Bb7 36. Qe2 Bxd5 37. cxd5 Rg7 38. Qe3 h5 39. h4 Nf7 40. Rg6
1/2-1/2

[Event "10th Vellmar Chess Days"]
[Site "chess24.com"]
[Date "2018.07.12"]
[Round "1.23"]
[White "Michels, Fabio"]
[Black "Reitz, Philipp"]
[Result "0-1"]
[WhiteElo "1729"]
[BlackElo "1990"]
[PlyCount "60"]
[EventDate "2018.??.??"]
[WhiteTeam "Deutschland"]
[BlackTeam "Deutschland"]
[WhiteTeamCountry "GER"]
[BlackTeamCountry "GER"]
[WhiteClock "1:30:30"]
[BlackClock "1:30:30"]

1. c4 e5 2. g3 Nc6 3. Bg2 f5 4. Nc3 Nf6 5. e3 d5 6. cxd5 Nb4 7. d4 e4 8. Nge2
Nd3+ 9. Kf1 Ng4 10. f3 Ngf2 11. Qc2 Nxh1 12. Bxh1 Bd6 13. fxe4 fxe4 14. Bxe4
Qf6+ 15. Nf4 Nb4 16. Qf2 O-O 17. Kg1 Qh6 18. Qg2 Rf6 19. Ne6 Bxe6 20. dxe6 Raf8
21. Qe2 Rf2 22. Qxf2 Rxf2 23. Kxf2 Qxh2+ 24. Kf3 g5 25. Nd5 g4+ 26. Kxg4 Qxg3+
27. Kh5 Qh3+ 28. Kg5 h6+ 29. Kg6 Qg4+ 30. Kxh6 Bf8# 0-1

[Event "10th Vellmar Chess Days"]
[Site "chess24.com"]
[Date "2018.07.12"]
[Round "1.24"]
[White "Eggenstein, Frank"]
[Black "Ruhl, Marcel"]
[Result "1-0"]
[WhiteElo "1987"]
[BlackElo "1721"]
[PlyCount "71"]
[EventDate "2018.??.??"]
[WhiteTeam "Deutschland"]
[BlackTeam "Deutschland"]
[WhiteTeamCountry "GER"]
[BlackTeamCountry "GER"]
[WhiteClock "1:30:30"]
[BlackClock "1:30:30"]

1. e4 e5 2. d3 Nc6 3. Nf3 Nf6 4. g3 Bc5 5. Bg2 d6 6. O-O Bg4 7. h3 Bh5 8. c3
Qd7 9. b4 Bb6 10. Nbd2 a6 11. Nc4 Ba7 12. Ne3 O-O-O 13. a4 Rdg8 14. b5 Na5 15.
g4 Bg6 16. c4 Qd8 17. Bd2 c6 18. Rb1 Nd7 19. Qc2 h5 20. g5 f6 21. h4 Re8 22.
Bh3 Re7 23. Bc3 Rf8 24. Qd2 Bxe3 25. fxe3 Nxc4 26. dxc4 Bxe4 27. bxa6 Bxb1 28.
a7 Kc7 29. Ba5+ b6 30. Rxb1 Qa8 31. c5 dxc5 32. Bxd7 bxa5 33. Rd1 Qxa7 34. Qd6+
Kd8 35. Be6+ Ke8 36. Qd8# 1-0